[Event "Mallorca-chT Preferente"]
[Site "Mallorca"]
[Date "2021.03.27"]
[Round "4"]
[White "Juan Lepp, Jaime Boris"]
[Black "Ferrer Roig, Juan"]
[Result "0-1"]
[WhiteElo "1900"]
[BlackElo "2037"]
[PlyCount "76"]
[EventDate "2021.03.06"]
[EventType "team-swiss"]
[EventRounds "7"]
[EventCountry "ESP"]
[SourceTitle "EXT 2023"]
[Source "ChessBase"]
[SourceDate "2022.10.05"]
[SourceVersion "1"]
[SourceVersionDate "2022.10.05"]
[SourceQuality "1"]
[WhiteTeam "Binissalem"]
[BlackTeam "Mestral Palmanyola"]
[WhiteTeamCountry "ESP"]
[BlackTeamCountry "ESP"]

1. e4 e6 2. d4 d5 3. Nc3 Bb4 4. exd5 exd5 5. Bd3 c5 6. Nf3 Nc6 7. Bb5 Bg4 8. 0-0 Nge7 9. Bg5 0-0 10. dxc5 Bxc5 11. Bxc6 bxc6 12. Qd3 Qc7 13. Rfe1 Bd6 14. h3 Bh5 15. Nd4 Bg6 16. Qd2 Rfe8 17. Qe2 h6 18. Bh4 Rab8 19. Rab1 Kh7 20. Qf3 Qd7 21. Bg3 Bxg3 22. Qxg3 Nf5 23. Nxf5 Bxf5 24. Rxe8 Qxe8 25. Qf4 Bxc2 26. Rc1 Bg6 27. Na4 Rc8 28. Qd6 Rd8 29. Qc5 d4 30. Rd1 Qe4 31. Qxa7 Qe2 32. Rf1 Bd3 33. Ra1 Bc2 34. Nc5 d3 35. Qc7 Re8 36. Nxd3 Bxd3 37. Qxf7 Bg6 38. Qb3 Rd8 0-1

[Event "Benidorm op U2300 06th"]
[Site "Benidorm"]
[Date "2007.12.05"]
[Round "6"]
[White "Ferrer Roig, Juan"]
[Black "Tscharotschkin, Michael"]
[Result "1/2-1/2"]
[WhiteElo "2130"]
[BlackElo "2290"]
[PlyCount "38"]
[EventDate "2007.11.30"]
[EventType "swiss"]
[EventRounds "9"]
[EventCountry "ESP"]
[SourceTitle "CBM 121 Extra"]
[Source "ChessBase"]
[SourceDate "2008.01.10"]
[SourceVersion "1"]
[SourceVersionDate "2008.01.10"]
[SourceQuality "1"]

1. e4 e6 2. d4 d5 3. Nc3 dxe4 4. Nxe4 Bd7 5. Nf3 Bc6 6. Bd3 Nd7 7. Qe2 Be7 8. 0-0 Ngf6 9. Nxf6+ Bxf6 10. c3 0-0 11. Bf4 g6 12. Rfe1 Bxf3 13. Qxf3 c6 14. Rad1 Re8 15. Bc2 Qb6 16. Re2 Bg7 17. Rde1 a5 18. Kh1 Qb5 19. a4 Qd5 1/2-1/2

[Event "ESP-chT1a Norte"]
[Site "Barcelona"]
[Date "2006.08.18"]
[Round "4.4"]
[White "Fontana Sotomayour, Luis Javier"]
[Black "Ferrer Roig, Juan"]
[Result "1-0"]
[WhiteElo "2303"]
[BlackElo "2127"]
[PlyCount "105"]
[EventDate "2006.08.16"]
[EventType "team-tourn"]
[EventRounds "6"]
[EventCountry "ESP"]
[SourceTitle "EXT 2007"]
[Source "ChessBase"]
[SourceDate "2006.11.23"]
[SourceVersion "1"]
[SourceVersionDate "2006.11.23"]
[SourceQuality "1"]

1. e4 e6 2. d3 d5 3. Nd2 Nf6 4. Ngf3 dxe4 5. dxe4 Bc5 6. Be2 e5 7. 0-0 Nbd7 8. c3 a5 9. b3 0-0 10. Qc2 Qe7 11. a3 Nb6 12. Bb2 Bg4 13. b4 axb4 14. axb4 Bd6 15. Rfe1 Rfe8 16. Nf1 Rxa1 17. Rxa1 Ra8 18. Rxa8+ Nxa8 19. Ne3 Bd7 20. c4 Bxb4 21. Nxe5 Nb6 22. Nxd7 Nbxd7 23. Nd5 Nxd5 24. cxd5 Bd6 25. g3 Nc5 26. f3 f6 27. Bd4 b6 28. Bb5 Be5 29. Bf2 Bd6 30. Qa2 g6 31. Qa8+ Kg7 32. Qc8 Be5 33. Kg2 Bd6 34. Be3 Qe5 35. Qe8 Qxe8 36. Bxe8 Kf8 37. Bb5 Kg7 38. Kf2 Kf7 39. Bc4 Ke7 40. Bd2 Nd7 41. f4 Bc5+ 42. Kf3 Bd4 43. g4 Kf8 44. Bb5 Nc5 45. g5 fxg5 46. fxg5 Nb7 47. Bf4 Nd6 48. Bd3 Ke7 49. e5 Nb7 50. h4 Nc5 51. Bb5 Nb7 52. h5 gxh5 53. Bd3 1-0

[Event "Calvia U2300 opB"]
[Site "Mallorca"]
[Date "2004.10.27"]
[Round "7"]
[White "Alonso Garuti, Luis Eugenio"]
[Black "Ferrer Roig, Juan"]
[Result "1/2-1/2"]
[WhiteElo "2057"]
[BlackElo "2168"]
[PlyCount "35"]
[EventDate "2004.10.22"]
[EventType "swiss"]
[EventRounds "9"]
[EventCountry "ESP"]
[SourceTitle "EXT 2005"]
[Source "ChessBase"]
[SourceDate "2004.11.15"]
[SourceVersion "1"]
[SourceVersionDate "2004.11.15"]
[SourceQuality "1"]

1. e4 e6 2. Nf3 d5 3. exd5 exd5 4. d4 Nf6 5. Bd3 Bg4 6. 0-0 Be7 7. Bf4 0-0 8. Nbd2 Nbd7 9. c3 c5 10. Be2 Re8 11. dxc5 Bxc5 12. Nd4 Bxe2 13. Nxe2 Nh5 14. Bg3 Nxg3 15. hxg3 Ne5 16. Nb3 Bb6 17. Ned4 a6 18. Nf3 1/2-1/2

[Event "Calvia U2300 opB"]
[Site "Mallorca"]
[Date "2004.10.22"]
[Round "2"]
[White "Ferrer Roig, Juan"]
[Black "Schyberg, Brian"]
[Result "1/2-1/2"]
[WhiteElo "2168"]
[BlackElo "2078"]
[PlyCount "84"]
[EventDate "2004.10.22"]
[EventType "swiss"]
[EventRounds "9"]
[EventCountry "ESP"]
[SourceTitle "EXT 2005"]
[Source "ChessBase"]
[SourceDate "2004.11.15"]
[SourceVersion "1"]
[SourceVersionDate "2004.11.15"]
[SourceQuality "1"]

1. e4 c5 2. Nf3 d6 3. Bb5+ Nd7 4. d4 cxd4 5. Nxd4 Ngf6 6. Qe2 g6 7. Nc3 Bg7 8. 0-0 0-0 9. Be3 Ne5 10. f3 a6 11. Ba4 b5 12. Bb3 Bd7 13. a4 b4 14. Nd5 a5 15. Nxf6+ Bxf6 16. Nb5 Nc6 17. Rab1 Qb8 18. f4 Rc8 19. Bd5 e6 20. f5 Bg7 21. fxe6 fxe6 22. Qg4 Re8 23. Bb3 Ne5 24. Qd1 Bxb5 25. axb5 a4 26. Ba2 Qxb5 27. Bd4 Rab8 28. Rc1 Qb7 29. Qe2 Qb5 30. Qxb5 Rxb5 31. Rcd1 Rb7 32. h3 Rf7 33. Bf2 Rd7 34. Rd4 Nc6 35. Rc4 b3 36. cxb3 axb3 37. Bxb3 Na5 38. Rb4 Nxb3 39. Rxb3 Be5 40. Bg3 Bxg3 41. Rxg3 Rb7 42. b3 Reb8 1/2-1/2

[Event "Capdepera 1st"]
[Site "Capdepera"]
[Date "2004.04.30"]
[Round "9"]
[White "Ferrer Roig, Juan"]
[Black "Mirzoev, Azer"]
[Result "1/2-1/2"]
[WhiteElo "2143"]
[BlackElo "2544"]
[PlyCount "25"]
[EventDate "2004.04.24"]
[EventType "tourn"]
[EventRounds "9"]
[EventCountry "ESP"]
[EventCategory "4"]
[SourceTitle "CBM 100 Extra"]
[Source "ChessBase"]
[SourceDate "2004.07.06"]
[SourceVersion "2"]
[SourceVersionDate "2004.07.06"]
[SourceQuality "1"]

1. e4 c6 2. d4 d5 3. Nc3 dxe4 4. Nxe4 Nf6 5. Nxf6+ gxf6 6. Ne2 Bf5 7. Be3 e6 8. Qd2 Nd7 9. 0-0-0 Qc7 10. Ng3 Bg6 11. Bd3 0-0-0 12. Kb1 Bd6 13. c3 1/2-1/2

[Event "Capdepera 1st"]
[Site "Capdepera"]
[Date "2004.04.29"]
[Round "8"]
[White "Baches Garcia, Guillermo"]
[Black "Ferrer Roig, Juan"]
[Result "1-0"]
[WhiteElo "2373"]
[BlackElo "2143"]
[PlyCount "87"]
[EventDate "2004.04.24"]
[EventType "tourn"]
[EventRounds "9"]
[EventCountry "ESP"]
[EventCategory "4"]
[SourceTitle "CBM 100 Extra"]
[Source "ChessBase"]
[SourceDate "2004.07.06"]
[SourceVersion "2"]
[SourceVersionDate "2004.07.06"]
[SourceQuality "1"]

1. e4 e6 2. Nf3 d5 3. exd5 exd5 4. d4 Nf6 5. Bd3 Bd6 6. 0-0 0-0 7. h3 Re8 8. Bg5 c5 9. Re1 Be6 10. c3 cxd4 11. Nxd4 Nc6 12. Nf3 Be7 13. Be3 Nd7 14. Nbd2 Bf6 15. Nb3 Nde5 16. Nxe5 Nxe5 17. Bd4 Nxd3 18. Qxd3 Bxd4 19. Nxd4 a6 20. Re3 Qb6 21. Qd2 Bd7 22. Rae1 Qf6 23. Nc2 Be6 24. Rf3 Qd8 25. Qd4 Qd7 26. Rg3 g6 27. h4 Bf5 28. Rxe8+ Rxe8 29. Ne3 Re4 30. Qf6 Be6 31. h5 Qe8 32. Rg5 d4 33. cxd4 Bxa2 34. h6 Qf8 35. Rc5 Re6 36. Qf4 Rc6 37. Ra5 Bb1 38. Rd5 Rc1+ 39. Kh2 Rc6 40. Ng4 Bf5 41. Ne5 Rd6 42. Rxd6 Qxd6 43. g4 Bd7 44. Qxf7+ 1-0

[Event "Binissalem op 16th"]
[Site "Binissalem"]
[Date "2003.09.07"]
[Round "3"]
[White "Mascaro March, Pedro"]
[Black "Ferrer Roig, Juan"]
[Result "0-1"]
[WhiteElo "2314"]
[BlackElo "2131"]
[PlyCount "98"]
[EventDate "2003.09.05"]
[EventType "swiss"]
[EventRounds "9"]
[EventCountry "ESP"]
[SourceTitle "EXT 2004"]
[Source "ChessBase"]
[SourceDate "2003.11.25"]
[SourceVersion "1"]
[SourceVersionDate "2003.11.25"]
[SourceQuality "1"]

1. Nf3 Nf6 2. b3 g6 3. Bb2 Bg7 4. e3 0-0 5. c4 c6 6. Be2 d5 7. 0-0 Nbd7 8. Na3 Re8 9. Qc2 a6 10. cxd5 cxd5 11. Rac1 Nf8 12. d3 Bg4 13. Qd2 Qd6 14. h3 Bxf3 15. Bxf3 Rac8 16. Qa5 N8d7 17. b4 Ng4 18. Bxg4 Bxb2 19. Rb1 Bg7 20. Rfd1 e6 21. d4 b5 22. Rb2 Bf6 23. Nc2 Rc3 24. Na3 Qc6 25. Nb1 Bd8 26. Nxc3 Bxa5 27. Rc1 Bc7 28. Rbc2 Qd6 29. Nxb5 axb5 30. Rxc7 Nf6 31. R7c5 Nxg4 32. hxg4 Qa6 33. R1c2 Qa4 34. a3 Kg7 35. Kh2 Qxa3 36. Rxb5 g5 37. Rb7 Qd3 38. Rcc7 Qg6 39. f3 h5 40. gxh5 Qxh5+ 41. Kg1 Ra8 42. Ra7 Rxa7 43. Rxa7 Qg6 44. Ra1 Qd3 45. Re1 Qb3 46. Kf2 Qxb4 47. Re2 f6 48. Re1 e5 49. Rd1 Qb2+ 0-1

[Event "Mallorca-chT"]
[Site "Palma de Mallorca"]
[Date "2002.03.09"]
[Round "7.4"]
[White "Ducros Salva, Antonio"]
[Black "Ferrer Roig, Juan"]
[Result "1/2-1/2"]
[WhiteElo "2183"]
[BlackElo "2093"]
[PlyCount "111"]
[EventDate "2002.??.??"]
[EventType "team-tourn"]
[EventRounds "10"]
[EventCountry "ESP"]
[SourceTitle "EXT 2003"]
[Source "ChessBase"]
[SourceDate "2002.11.25"]
[SourceVersion "1"]
[SourceVersionDate "2002.11.25"]
[SourceQuality "1"]

1. c4 Nf6 2. Nc3 e6 3. g3 d5 4. d4 Be7 5. Bg2 0-0 6. Nf3 dxc4 7. Qa4 a6 8. Qxc4 b5 9. Qd3 Bb7 10. 0-0 Nbd7 11. Bf4 c5 12. Rac1 Qa5 13. Ne5 Bxg2 14. Kxg2 Qb6 15. dxc5 Nxc5 16. Qf3 Rac8 17. Rfd1 b4 18. Nc4 Qa7 19. Nb1 Nd5 20. Bd6 Rfd8 21. e4 Nf6 22. e5 Nd5 23. Nbd2 Bg5 24. Rc2 Bxd2 25. Rcxd2 Na4 26. Qb3 Qb7 27. Kg1 Qb5 28. Be7 Nc5 29. Bxc5 Qxc5 30. Ne3 h6 31. Nxd5 exd5 32. Rxd5 Rxd5 33. Rxd5 Qc1+ 34. Kg2 Qe1 35. Qf3 Qb1 36. Qg4 Rc1 37. e6 fxe6 38. Rd7 Rg1+ 39. Kf3 Qf5+ 40. Qxf5 exf5 41. Ra7 Ra1 42. Rxa6 b3 43. a4 Ra2 44. Ra5 g6 45. h4 Rxb2 46. h5 Ra2 47. hxg6 b2 48. Rb5 Ra3+ 49. Kg2 Rxa4 50. Rxb2 Kg7 51. Rb6 Rg4 52. Kf3 Rxg6 53. Rb5 Rf6 54. Kf4 Kg6 55. Rd5 Ra6 56. Rd4 1/2-1/2

[Event "Mallorca-chT"]
[Site "Palma de Mallorca"]
[Date "2002.01.19"]
[Round "1.2"]
[White "Ferrer Roig, Juan"]
[Black "Gaya Llodra, Juan"]
[Result "1/2-1/2"]
[WhiteElo "2093"]
[BlackElo "2284"]
[PlyCount "50"]
[EventDate "2002.??.??"]
[EventType "team-tourn"]
[EventRounds "10"]
[EventCountry "ESP"]
[SourceTitle "EXT 2003"]
[Source "ChessBase"]
[SourceDate "2002.11.25"]
[SourceVersion "1"]
[SourceVersionDate "2002.11.25"]
[SourceQuality "1"]

1. e4 e6 2. d4 d5 3. exd5 exd5 4. Nf3 Nf6 5. Bd3 Bg4 6. 0-0 Be7 7. Bg5 0-0 8. Nbd2 c5 9. dxc5 Bxc5 10. c3 Nbd7 11. Qa4 Qb6 12. Qc2 Rfe8 13. Bh4 Bh5 14. Bf5 Bg6 15. Bxg6 hxg6 16. Rfe1 Bd6 17. Bg3 Bxg3 18. hxg3 Nc5 19. Nd4 Qa6 20. N2f3 Rxe1+ 21. Nxe1 Re8 22. a3 Nfe4 23. Rd1 Qa4 24. Qxa4 Nxa4 25. Nd3 Nf6 1/2-1/2

[Event "Mallorca-chT Preferente"]
[Site "Palma de Mallorca"]
[Date "2001.03.24"]
[Round "12.4"]
[White "Ferrer Roig, Juan"]
[Black "Perez Gandesa, Jose Antonio"]
[Result "1-0"]
[WhiteElo "2088"]
[BlackElo "2005"]
[PlyCount "123"]
[EventDate "2001.01.13"]
[EventType "team-tourn"]
[EventRounds "14"]
[EventCountry "ESP"]
[SourceTitle "EXT 2002"]
[Source "ChessBase"]
[SourceDate "2001.11.25"]
[SourceVersion "1"]
[SourceVersionDate "2001.11.25"]
[SourceQuality "1"]

1. Nf3 Nf6 2. d4 c5 3. d5 d6 4. c4 e6 5. Nc3 exd5 6. cxd5 a6 7. a4 b6 8. e4 Bg4 9. Be2 Nbd7 10. 0-0 Be7 11. h3 Bh5 12. Bf4 Bxf3 13. Bxf3 Ne5 14. Be2 0-0 15. Bg3 Nfd7 16. f4 Ng6 17. Bg4 Bf6 18. Qd3 Re8 19. Rae1 Qc7 20. Qc4 Bd4+ 21. Kh1 Nf6 22. Bf3 Nd7 23. Rd1 Qa7 24. Rfe1 Rab8 25. Rb1 Bf6 26. Bg4 Ngf8 27. Be2 Ra8 28. Bd3 Qc7 29. Rbd1 Qd8 30. Bc2 Bh4 31. Qd3 Ng6 32. Qf3 Bxg3 33. Qxg3 Qh4 34. Qxh4 Nxh4 35. Rf1 f6 36. f5 Ne5 37. Rf4 g5 38. fxg6 Nhxg6 39. Rxf6 Nc4 40. Re1 Rf8 41. Rf5 Rae8 42. Rxf8+ Rxf8 43. b3 Rf2 44. Bd3 Nd2 45. Kg1 Nf4 46. Bf1 Rxf1+ 47. Rxf1 Nxf1 48. Kxf1 Nd3 49. Na2 Kf7 50. Ke2 Ne5 51. Nc3 Kf6 52. Ke3 Ng6 53. Ne2 Ke5 54. g3 Kf6 55. g4 Ne5 56. Ng3 c4 57. bxc4 Nxc4+ 58. Kd4 Nb2 59. Nf5 Nxa4 60. Nxd6 Nc5 61. e5+ Kg7 62. Nc8 1-0

[Event "Mallorca-ch D1"]
[Site "Palma de Mallorca"]
[Date "2000.11.11"]
[Round "4"]
[White "Ferrer Roig, Juan"]
[Black "Miralles Salas, Antonio"]
[Result "0-1"]
[WhiteElo "2070"]
[BlackElo "2018"]
[PlyCount "92"]
[EventDate "2000.??.??"]
[EventType "swiss"]
[EventRounds "8"]
[EventCountry "ESP"]
[SourceTitle "EXT 2003"]
[Source "ChessBase"]
[SourceDate "2002.11.25"]
[SourceVersion "1"]
[SourceVersionDate "2002.11.25"]
[SourceQuality "1"]

1. e4 c5 2. Nf3 e6 3. c3 Nc6 4. d4 d5 5. e5 Bd7 6. Be2 Nge7 7. Na3 Nf5 8. Nc2 Be7 9. 0-0 0-0 10. Ne3 Nh4 11. Nxh4 Bxh4 12. f4 cxd4 13. cxd4 Qb6 14. Nc2 Be7 15. Kh1 f6 16. Bd3 fxe5 17. dxe5 Rf7 18. Be3 Qc7 19. Rc1 Raf8 20. Rf3 g6 21. Rg3 Qd8 22. Qh5 Rg7 23. Qe2 Be8 24. Bd2 Qb6 25. b4 Qd8 26. b5 Na5 27. Nd4 Bd7 28. Qg4 Qb6 29. Be3 Bc5 30. Rxc5 Qxc5 31. Nb3 Qc7 32. Qd1 Nc4 33. Bxc4 Qxc4 34. Nc5 Qxb5 35. Nxd7 Qxd7 36. Bxa7 Rxf4 37. Bd4 Rgf7 38. Bg1 Qc7 39. Re3 Rf1 40. Re1 Qc4 41. Qe2 Qxe2 42. Rxe2 Rc7 43. g4 Rcc1 44. Rg2 Rce1 45. h3 Rxe5 46. Kh2 Rfe1 0-1